Puesta en marcha de la torre de destilación del laboratorio de la escuela de ingeniería química.
Guardat en:
| Autor principal: | |
|---|---|
| Format: | Llibre |
| Publicat: |
1986
|
| Matèries: | |
| Etiquetes: |
Afegir etiqueta
Sense etiquetes, Sigues el primer a etiquetar aquest registre!
|
MARC
| LEADER | 00000nam a2200000Ia 4500 | ||
|---|---|---|---|
| 003 | b | ||
| 005 | 20221231144358.0 | ||
| 008 | 140114s9999 xx 000 0 s d | ||
| 040 | |c cru | ||
| 100 | |a Apuy Stier, Pedro Jose |9 14333 | ||
| 245 | |a Puesta en marcha de la torre de destilación del laboratorio de la escuela de ingeniería química. | ||
| 260 | |c 1986 | ||
| 500 | |a Escuela de ingenieria Quimica | ||
| 650 | |z DESTILACION |9 14334 | ||
| 999 | |c 21005 |d 21005 | ||
